000 00378nam a2200157Ia 4500
008 221030s9999 xx 000 0 und d
020 _a8124261033
041 _aEnglish
082 _a105.23
_bSin
100 _aC. Singh
245 0 _aHindu Manners : Customs & Ceremonies
_cby C. Singh
260 _bCrest Pub
_aDelhi
_c1999
300 _a190
650 _aGeneral
942 _cBK
999 _c7348
_d7348